Geopolitics and the great powers in the twenty-first century : multipolarity and the revolution in strategic perspective /
Disimpan dalam:
| Pengarang Utama: | |
|---|---|
| Format: | Buku |
| Bahasa: | English |
| Diterbitkan: |
London ; New York :
Routledge,
2007.
|
| Siri: | Geopolitical theory series ;
3. |
| Subjek-subjek: | |
| Penanda-penanda: |
Tambah Penanda
Tiada Penanda, Jadilah orang pertama menanda rekod ini!
|
| LEADER | 01154cam a22003374a 4500 | ||
|---|---|---|---|
| 001 | 010643172-2 | ||
| 005 | 20090417023633.0 | ||
| 008 | 061215s2007 enk b 001 0 eng | ||
| 010 | |a 2006101896 | ||
| 015 | |a GBA612161 |2 bnb | ||
| 016 | 7 | |a 013375174 |2 Uk | |
| 020 | |a 9780415358538 (: hbk) | ||
| 020 | |a 0415358531 | ||
| 035 | 0 | |a ocm77573814 | |
| 040 | |a DLC |c DLC |d BAKER |d BTCTA |d BWKUK |d YDXCP |d UKM |d SUU | ||
| 041 | 0 | |a eng | |
| 043 | |a n-us--- | ||
| 050 | 0 | 0 | |a JC319 |b .W26 2007 |
| 082 | 0 | 0 | |a 327.101 |2 22 |
| 100 | 1 | |a Walton, C. Dale, |d 1971- | |
| 245 | 1 | 0 | |a Geopolitics and the great powers in the twenty-first century : |b multipolarity and the revolution in strategic perspective / |c C. Dale Walton. |
| 246 | 3 | |a Geopolitics and the great powers in the 21st century | |
| 260 | |a London ; |a New York : |b Routledge, |c 2007. | ||
| 300 | |a viii, 141 p. ; |c 24 cm. | ||
| 490 | 1 | |a Geopolitical theory series ; |v 3 | |
| 504 | |a Includes bibliographical references (p. [108]-137) and index. | ||
| 651 | 0 | |a United States |x Foreign relations |y 2001-2009. | |
| 650 | 0 | |a Geopolitics. | |
| 830 | 0 | |a Geopolitical theory series ; |v 3. | |
| 988 | |a 20070329 | ||
| 906 | |0 DLC | ||


